00654nam a2200193 a 450000100060000000300090000600800410001502000150005604000280007108200170009910000270011624500840014326000310022730000080025850501310026665000210039765000230041865000190044122647CO-ViMGA141112s2004 ck r 000 u spa d a9587110633 aCO-ViMGAbspacCO-ViMGA04a347.06 T784c1 aTrujillo Cabrera, Juan10aLa carga dinámica de la prueba, Conceptos fundamentales y aplicacion practica aBogotá : bLeyer, c2006 a153 aLa estatica del onus probandi 9 - - La dinamica del onus probandi 19 - 77 - - La carga dinamica de la prueba aplicada 83 - 13714aACCION DE TUTELA14aDERECHO PROBATORIO14aPRUEBA DERECHO